000 00689nam a2200217Ia 4500
003 GCL
008 140319s9999 xx 000 0 ara d
040 _aGCL /
_cGCL
082 0 4 _a819.9
_bع ح
100 1 _aعباس محمود العقاد
245 1 0 _aحقائق الاسلام وأباطيل خصومه /
_cعباس محمود العقاد
260 _a[S.N] :
_bنهضة مصر للطباعة والنشر والتوزيع ،
_c1989
300 _a263 ص
490 _a
650 0 4 _aالشعر العربى
650 0 4 _aالادب العربى
650 0 4 _aالبلاغة العربية
650 0 4 _aالتنوير
650 0 4 _aتاريخ ونقد
942 _2ddc
_cBK
999 _c55693
_d55693